| 000 | 00882cam a22002294a 4500 | ||
|---|---|---|---|
| 001 | 1686796 | ||
| 005 | 20251105175039.0 | ||
| 008 | 990618s2000 nyua b 001 0 eng | ||
| 020 | _a0195135830 | ||
| 020 | _a9780195135831 | ||
| 050 | 0 | 0 |
_aT14.5 _b.L52 2000 |
| 082 | 0 | 0 |
_a303.48/3 _221 |
| 100 | 1 |
_aLienhard, John H., _d1930- |
|
| 245 | 1 | 4 |
_aThe engines of our ingenuity : _ban engineer looks at technology and culture / _cJohn H. Lienhard. |
| 260 |
_aOxford ; _aNew York : _bOxford University Press, _c2000. |
||
| 300 |
_aviii, 262 p. : _bill .; _c24 cm. |
||
| 650 | 0 |
_aTechnology _xSocial aspects. |
|
| 650 | 0 | _aCreative ability in technology. | |
| 856 | 4 | 2 |
_3Publisher description _uhttp://www.loc.gov/catdir/enhancements/fy0602/99037614-d.html |
| 856 | 4 | 2 |
_3Contributor biographical information _uhttp://www.loc.gov/catdir/enhancements/fy0724/99037614-b.html |
| 942 |
_2lcc _cBK _n0 |
||
| 999 |
_c8102 _d8102 |
||